000 00783nam a2200253Ia 4500
003 OSt
005 20220926012141.0
006 a|||||r|||| 00| 0
007 ta
008 220923b |||||||| |||| 00| 0 eng d
020 _a9781845206994
_c1378.3499999999999
037 _b369, 27/03/2008, Bharatiya Sahitya Bhavana
_cGeneral Book
040 _aRTL
_cRTL
_beng
041 _2eng
_aeng
082 _aY15:88, P7
100 _aWoodward Sophie
_9315620
245 0 _aWhy women wear what they wear
260 _aNew York
_bBerg
_c2007
300 _aix, 178p
_ccm.
500 _aBibliography : P159-168
650 _aSociology
942 _hY15:88, P7
_cGB
_2CC
999 _c621895
_d621895